00477 a2200169 450000100060000002000150000604000220002110000400004324000280008324500230011130000070013436200090014165000240015094200070017495201090018199900170029065486 a9562998134 cAnchieta - Pituba aGonzález-Pagliere, Eugenio Hughes10aDescubriendo Chilelspa10aDescubriendo Chile a900 a2005 4aGeografia e viagens cBK 00104070a91.1b91.1d2023-11-21l0o910 G643d GON DESp20205/PITr2023-11-21 18:33:51w2023-11-21yBK c65486d65486